00721nam a2200241 a 4500001001300000003000900013005001700022008004100039020002300080082001900103100002100122245003500143260004100178300000900219500003500228505001000263650003300273700002100306902000800327942000700335952012000342999001700462nice12345678IN_TiNIC20260116014438.0050524s2004 newa grp 000 0 eng  a0761922 c35000a306.60954bROB aRobinson, Rowena aSociology of Religion in India aNew Delhi bSage Publications c2004 a359p aincludes index and biblioraphy2 aNotes aReligion and Sociology-India1 aRobinson, Rowena bSRS cBK 001040708StackRoom-aHMIbHMId2011-06-17g350.00l0o306.60954 ROBp020912r2011-06-17v350.00w2005-05-24yBK c15357d15357